Cielenie inflácie ako nová stratégia menovej politiky

Podstata stratégie inflačného cielenia. Špecifikácia inflačných cieľov v praxi vrátane aplikácie nového režimu menovej politiky v podmienkach ekonomiky ČR. Cielenie inflácie a SR. Potreba hľadania novej monetárnej kotvy.

Salvato in:
Dettagli Bibliografici
Autore principale: Gonda, Vladimír
Natura: Capitolo di libro
Lingua:slovacco
Soggetti:
Tags: Aggiungi Tag
Nessun Tag, puoi essere il primo ad aggiungerne!!

MARC

LEADER 00000naa a2200000 4500
001 r041298
005 20230918081053.8
041 0 |a slo 
044 |a SK 
245 1 0 |a Cielenie inflácie ako nová stratégia menovej politiky  |c Vladimír Gonda 
520 |a Podstata stratégie inflačného cielenia. Špecifikácia inflačných cieľov v praxi vrátane aplikácie nového režimu menovej politiky v podmienkach ekonomiky ČR. Cielenie inflácie a SR. Potreba hľadania novej monetárnej kotvy. 
610 2 0 |a inflácia 
610 2 0 |a cielenie inflácie 
610 2 0 |a politika menová 
610 2 0 |a stratégia hospodárska 
610 2 0 |a Česko 
610 2 0 |a Slovensko 
610 2 0 |a banky 
610 2 0 |a agregáty menové 
100 1 |a Gonda, Vladimír